000 00275nam a2200097Ia 4500
001 800952
005 20250826171028.0
008 250824s9999 xx 000 0 und d
245 0 _aSEVR MAĞARASININ GİZEMLİ BEKÇİLERİ
_cŞEYDA KOÇ ASYALI
260 _bNESİL ÇOCUK YAYINLARI
999 _c800952
_d800952